Encyclopedia of rating law and practice

Bibliographic Details
Corporate Author: The Local Government Library
Format: Book
Published: London : The Local Government Library , 1983
Subjects:

MARC

LEADER 00000cam a2200000 7i4500
001 0000009135
005 20161103.0
040 |a INS 
090 0 0 |a RKD5729   |b E52 1983 
245 1 0 |a Encyclopedia of rating law and practice 
260 |a London :   |b The Local Government Library ,   |c 1983 
300 |a 3013p ;   |c 30cm. 
650 0 |a Local taxation   |x law adn legislation   |z Great Britain 
650 0 0 |a Rating 
710 2 |a The Local Government Library 
999 |a 0000024176   |b BOOK   |c Open Shelf   |e Default branch